000 00846nas a2200289 4500
001 BR2011006487
003 BR-BrBNA
005 20231205115701.0
007 ta
008 230509b bl.|||p| |||| 00| 00por d
040 _aBR-BrBNA
_bpor
_cBiblioteca Nacional de Agricultura
041 _a(Pt)
072 _aM12
100 1 _aSilva, R. de S.G. da
100 1 _aBandeira, S.F.
100 1 _aPetry, F.C.
100 1 _aPinto, L.A. de A.
245 1 _aExtração de gelatina a partir das peles de cabeças de carpa comum
650 _aCARPA
650 _aGELATINA
650 _aANÁLISE ESTATÍSTICA
650 _aPISCICULTURA
650 _aRIO GRANDE DO SUL
773 0 _tCiência Rural (Brazil)
_xISSN 0103-8478
_g(May 2011), v. 41(5) p. 904-909
_wBR2011006487
909 _a202311
_bLúcia
_c55
_dLúcia Elande
942 _2AGRIS
_n0
_cANA
999 _c215218
_d215218